• 首页
  • 本馆介绍
  • 公告通知
  • 最新文献
  • 馆藏检索
  • 电子资源
  • 读者导购
  • 参考咨询
  • 我的图书馆
  • 登录
  • 详细信息显示
  • 放入我的书架
  • 预约/预借图书
  • 作者相关作品
  • 分类相关作品
  • 丛书相关作品
  • 出版社相关作品

书目信息

  • 表格格式
  • 工作单格式
  • 卡片格式
题名:
MATLAB电力系统设计与分析
    
 
作者: 吴天明 编著
分册:  
出版信息: 北京   国防工业出版社  2004
页数: 472页
开本: 26cm
丛书名:
单 册:
中图分类: TM7
科图分类:
主题词: 电力系统--算法语言--系统设计
电子资源:
ISBN: 7-118-03339-1
000 00797nam0 2200229 450
001 010002582142
005 20050912170328.48
010    @a7-118-03339-1@dCNY39.00
100    @a20040428d2004 ekmy0chiy0120 ea
101 0  @achi
102    @aCN@b110000
105    @ay z 000yy
200 1  @aMATLAB电力系统设计与分析@AMATLAB dian li xi tong she ji yu fen xi@f吴天明等编著@Fwu tian ming deng bian zhu
210    @a北京@c国防工业出版社@d2004
215    @a472页@d26cm
330    @a本书共有八章,对MATLAB软件在电力系统建模和仿真中的应用作了详细的介绍,内容包括MATLAB电力系统仿镇数学基础、MATLAB图形绘制和图形编辑等。
606 0  @a电力系统@x算法语言@x系统设计
610 0  @aMATLAB
690    @aTM7@v4
701  0 @a吴天明@Awu tian ming@4编著
801  0 @aCN@bTSSF@c20050912
905    @a10447@dTM7@e18
    
    MATLAB电力系统设计与分析/吴天明等编著.-北京:国防工业出版社,2004
    472页;26cm
    
    
    ISBN 7-118-03339-1:CNY39.00
    本书共有八章,对MATLAB软件在电力系统建模和仿真中的应用作了详细的介绍,内容包括MATLAB电力系统仿镇数学基础、MATLAB图形绘制和图形编辑等。
●
相关链接 在E读中查询图书 在五车中查询图书 在当当中查询图书 在豆瓣中查询图书


正题名:MATLAB电力系统设计与分析     索取号:TM7/18         预约/预借

序号 登录号 条形码 馆藏地/架位号 状态 备注
1 0361066   3610667   第二样本阅览室/ [索取号:TM7/18] 在馆    
2 0361067   3610676   第三借阅区/ [索取号:TM7/18] 在馆    
3 0361068   3610685   第三借阅区/ [索取号:TM7/18] 在馆    
唐山师范学院图书馆 欢迎您!
大连网信软件有限公司© 版权所有